000 02530nam0a2200397 4500
001 RU\NLR\BIBL_A\012025930
005 20250402135245.0
010 _a978-5-7621-1017-4
_9120
021 _aRU
_bКН-П-19-033961
_9КН-П-19-2522
035 _a(NLR Aleph) 012025930
035 _a(RuMoRGB)009975312
090 _a11526063
_c11526063
100 _a20190530d2019 k y0rusy50 ca
101 0 _arus
102 _aRU
105 _aa z 101zy
200 1 _aСовременные аудиовизуальные технологии в художественном творчестве и высшем образовании
_eXI Всероссийская научно-практическая конференция, 23 марта 2019 года
_e[материалы]
_fСанкт-Петербургский гуманитарный университет профсоюзов
_g[научный редактор: Е. А. Полехина]
210 _aСанкт-Петербург
_cСПбГУП
_d2019
215 _a96, [1] с.
_cил.
_d20
320 _aБиблиогр. в конце ст.
320 _aИмен. указ. в конце кн.
606 1 _aВысшие музыкальные учебные заведения
_xПреподавание
_xАудиовизуальные методы
_jСъезды, совещания и т.п.
_2nlr_sh2
_3RU\NLR\auth\661534954
606 1 _aЗвукорежиссура
_xКадры
_xПодготовка
_jСъезды, совещания и т.п.
_2nlr_sh2
_3RU\NLR\AUTH\661542147
606 1 _aМузыка
_jСъезды, совещания и т.п
_2nlr_sh2
_3RU\NLR\AUTH\66429
686 1 _aЩ31 431
686 1 _aЧ489.782.125я431
686 1 _aЧ488.757.84я431
702 1 _aПолехина
_bЕ. А.
_gЕлена Аркадьевна
_4340
711 1 2 _a"Современные аудиовизуальные технологии в художественном творчестве и высшем образовании", всероссийская научно-практическая конференция
_d11
_f2019
_eСанкт-Петербург
_3RU\NLR\AUTH\880502917
712 0 2 _aСанкт-Петербургский гуманитарный университет профсоюзов
_3RU\NLR\AUTH\884042
_4475
942 _cBOOK
980 _aNBR
980 _aNB